000 01313nam a2200313 i 4500
001 000031235
003 DO-SdBNP
005 20230824155716.0
007 ta
008 090714s1978 dr abc 000 0 spa d
040 _aDO-SdBNP
_bspa
_cBNPHU
_erda
082 4 _a972.325
_bP438a
_222
100 1 _aPérez, Rafael Leónidas,
_b1955-
_957704
_eautor
245 1 0 _aApuntes históricos y geográficos del municipio de Duvergé :
_b(contribución a su estudio) /
_cRafael Leónidas Pérez.
264 _aSanto Domingo :
_bEditora Del Caribe,
_c1978.
300 _a106 páginas :
_bilustraciones, mapas., retratos ;
_c20 cm.
336 _2rdacontent
_atexto
_btxt
337 _2rdamedia
_asin mediación
_bnc
338 _2rdacarrier
_avolumen
_bn
500 _aIncluye datos biográficos del autor en la contracubierta
504 _aBibliografía : p. 105-106
590 _aInventariado, 2020/YL
651 4 _aDuvergé, Independencia (República Dominicana)
_957705
_xHistoria local
651 4 _aDuvergé, Independencia (República Dominicana)
_xGeografía
_957706
651 4 _aDuvergé, Independencia (República Dominicana)
_xVida social y costumbres
_919967
651 4 _aDuvergé, Independencia (República Dominicana)
_xDescripción
_957707
910 _aValidado. Control de calidad MFF
942 _2ddc
_cLBS1
999 _c30727
_d30727